000 00510nam a2200205Ia 4500
005 20240823022838.0
008 240823s9999||||xx |||||||||||||| ||und||
020 _a81-317-1172-2
041 _aENGLISH
082 _A005.133 P7
100 _a"Eckel,Bruce"
245 0 _aThinking in C++ : Vol 2 Practical Programming
250 _a1st
260 _c2007
_b"Pearson Education, New "
500 _aYES
650 _aC++
_bComputer Science
700 _a" Allison,Chuck"
942 _cBK
999 _c180135
_d180135